Arab studies quarterly

Detalles Bibliográficos
Autores Corporativos: Association of Arab-American University Graduates, Institute of Arab Studies (Belmont, Mass.)
Formato: Desconocido
Lenguaje:inglés
Publicado: Belmont, Ma., etc. Association of Arab-American University Graduates
Acceso en línea:Acceso restringido

MARC

LEADER 00000ny a22000003n 4500
005 20110511120035.0
008 790608c1979 miuqr 0 a0eng d
022 0 |a 0271-3519 
035 |a 2915 
040 |a UCA  |d vLex 
090 |c 1639  |d 1639 
245 3 0 |a Arab studies quarterly  |h [Recurso electrn̤ico] 
246 3 3 |a ASQ 
256 |a Servicio en ln̕ea 
260 |a Belmont, Ma., etc.  |b Association of Arab-American University Graduates 
310 |a Trimestral 
506 1 |a Contenido solo disponible en los productos indicados  |d vLex Global  |d vLex Global (Academic Edition, excluding Law Schools)  |d vLex Global (Academic Edition, Law Schools) 
710 2 |a Association of Arab-American University Graduates. 
710 2 |a Institute of Arab Studies (Belmont, Mass.) 
740 0 |a vLex Revista (Servicios en ln̕ea) 
843 |a Electrn̤ica. Abierta 
853 |8 1  |i (year)  |j (month)  |k (day) 
856 4 0 |z Acceso restringido  |u http://vlex.com/account/login_ip?fuente_id=2915  
942 |c REV 
999 0 0 |a Arab countries periodicals.